Decentralizáciou sa priblížili kompetencie k občanovi
Mestá a vyššie územné celky po decentralizácii verejných financií to bola hlavná téma diskusného fóra HNClubu. Uverejnenie časti vystúpenia predsedu ZMOS Michala Sýkoru. Začiatky diskusie o reforme verejnej správy a financovanie samosprávy. Prenos kompetencií a peňazí. Zmeny po reforme miest a obcí...
Gespeichert in:
| 1. Verfasser: | |
|---|---|
| Weitere Verfasser: | |
| Format: | Buchkapitel |
| Sprache: | Slowakisch |
| Schlagworte: | |
| Tags: |
Keine Tags, Fügen Sie das erste Tag hinzu!
|
MARC
| LEADER | 00000naa$a2200000$$$4500 | ||
|---|---|---|---|
| 001 | 0031621 | ||
| 005 | 20231004130309.4 | ||
| 041 | 0 | |a slo | |
| 044 | |a SK | ||
| 245 | 1 | 0 | |a Decentralizáciou sa priblížili kompetencie k občanovi |c Marta Růžičková, Michal Sýkora |
| 520 | |a Mestá a vyššie územné celky po decentralizácii verejných financií to bola hlavná téma diskusného fóra HNClubu. Uverejnenie časti vystúpenia predsedu ZMOS Michala Sýkoru. Začiatky diskusie o reforme verejnej správy a financovanie samosprávy. Prenos kompetencií a peňazí. Zmeny po reforme miest a obcí. Obecné rozpočty. Fiškálna decentralizácia. Riziká financovania. Zmeny v miestnych daniach a poplatkoch. Rozdelenie dane z príjmov fyzických osôb mestám a obciam. | ||
| 610 | 2 | 0 | |a správa verejná |
| 610 | 2 | 0 | |a decentralizácia |
| 610 | 2 | 0 | |a reformy |
| 610 | 2 | 0 | |a mestá |
| 610 | 2 | 0 | |a obce |
| 610 | 2 | 0 | |a kompetencie |
| 610 | 2 | 0 | |a rozpočet miestny |
| 610 | 2 | 0 | |a zdroje finančné |
| 610 | 2 | 0 | |a dane miestne |
| 610 | 2 | 0 | |a poplatky miestne |
| 100 | 1 | |a Růžičková, Marta | |
| 700 | 1 | |a Sýkora, Michal | |